[Event "London Classic op U2050-B 8th"]
[Site "London"]
[Date "2016.12.13"]
[Round "2"]
[White "Calder, Dennis"]
[Black "Bolt, Graham"]
[Result "0-1"]
[WhiteElo "1955"]
[BlackElo "2038"]
[PlyCount "122"]
[EventDate "2016.12.12"]
[EventType "swiss"]
[EventRounds "5"]
[EventCountry "ENG"]
[SourceTitle "EXT 2019"]
[Source "ChessBase"]
[SourceDate "2018.10.10"]
[SourceVersion "1"]
[SourceVersionDate "2018.10.10"]
[SourceQuality "1"]

1. d4 g6 2. Nf3 Bg7 3. c4 d6 4. g3 Nf6 5. Bg2 0-0 6. 0-0 c6 7. Nc3 Bg4 8. h3 Bxf3 9. Bxf3 e6 10. d5 exd5 11. cxd5 c5 12. Qb3 Qd7 13. Bf4 b6 14. Kg2 Na6 15. Nb5 Ne8 16. e4 Nac7 17. Nc3 Rb8 18. Rfe1 b5 19. e5 Bxe5 20. Bxe5 dxe5 21. Rxe5 c4 22. Qb4 Qd6 23. Qxd6 Nxd6 24. Re7 Rbc8 25. Rd1 Rfe8 26. Rde1 Kf8 27. Rxe8+ Rxe8 28. Rxe8+ Kxe8 29. g4 Ke7 30. Kg3 b4 31. Ne2 Ndb5 32. Kf4 f6 33. Ke3 Kd6 34. Nd4 a6 35. Nc6 Kc5 36. Ne7 c3 37. bxc3 Nxc3 38. Kd3 Nxa2 39. h4 Nb5 40. h5 gxh5 41. gxh5 Nac3 42. Nc6 b3 43. Na5 b2 44. Nb3+ Kd6 45. Nd2 b1Q+ 46. Nxb1 Nxb1 47. h6 Ke5 48. d6 Nxd6 49. Kc2 Na3+ 50. Kb3 Nab5 51. Kb4 Ne4 52. Ka5 Nd4 53. Bh5 Nxf2 54. Bf7 Ne4 55. Kxa6 Ng5 56. Bc4 Nf5 57. Bf1 Nxh6 58. Kb5 Nf5 59. Kb4 Kd4 60. Kb3 h5 61. Bg2 h4 0-1

[Event "Hessenliga 1617"]
[Site "Hessen"]
[Date "2016.11.06"]
[Round "3.6"]
[White "Bajramovic, Bego"]
[Black "Calder, Dennis"]
[Result "1-0"]
[WhiteElo "2118"]
[BlackElo "1965"]
[PlyCount "69"]
[EventDate "2016.09.18"]
[EventType "team-tourn"]
[EventRounds "9"]
[EventCountry "GER"]
[SourceTitle "EXT 2018"]
[Source "ChessBase"]
[SourceDate "2017.10.13"]
[SourceVersion "1"]
[SourceVersionDate "2017.10.13"]
[SourceQuality "1"]
[WhiteTeam "Giessen"]
[BlackTeam "Bad Nauheim"]
[WhiteTeamCountry "GER"]
[BlackTeamCountry "GER"]

1. e4 e5 2. Nf3 Nc6 3. Bb5 a6 4. Ba4 Nf6 5. Qe2 Bc5 6. 0-0 b5 7. Bb3 Bb7 8. a4 d6 9. axb5 axb5 10. Rxa8 Qxa8 11. Qxb5 0-0 12. Qe2 Na5 13. d3 Nxb3 14. cxb3 d5 15. exd5 Bxd5 16. Be3 Bd6 17. Nbd2 Rb8 18. d4 Nd7 19. dxe5 Nxe5 20. Bd4 Nxf3+ 21. gxf3 Qc6 22. Re1 Be6 23. Bc3 Qd5 24. Ne4 Bf4 25. b4 Qh5 26. Ng3 Qg5 27. Kh1 h6 28. Rg1 Qh4 29. Bxg7 Rxb4 30. Bc3 Bg5 31. Ne4 Rb6 32. Nxg5 hxg5 33. Qe5 Qh7 34. Rxg5+ Kf8 35. Qxc7 1-0

[Event "Hessen-ch op-A"]
[Site "Frankfurt Sossenheim"]
[Date "2015.??.??"]
[Round "5"]
[White "Stock, Juergen"]
[Black "Calder, Dennis"]
[Result "0-1"]
[WhiteElo "1935"]
[BlackElo "2013"]
[PlyCount "80"]
[EventDate "2015.05.13"]
[EventType "swiss"]
[EventRounds "7"]
[EventCountry "GER"]
[SourceTitle "EXT 2016"]
[Source "ChessBase"]
[SourceDate "2015.10.08"]
[SourceVersion "1"]
[SourceVersionDate "2015.10.08"]
[SourceQuality "1"]

1. d4 d5 2. e3 Nf6 3. Bd3 g6 4. Nd2 Bg7 5. c3 0-0 6. f4 Bf5 7. Bxf5 gxf5 8. Ngf3 Nbd7 9. Ne5 Ne4 10. Nxd7 Qxd7 11. Nf3 Kh8 12. Qe2 b5 13. Bd2 a5 14. 0-0 Bf6 15. Kh1 Rg8 16. Be1 Rg4 17. Rg1 Rag8 18. Rc1 e6 19. Rc2 Ra8 20. Nd2 Nd6 21. h3 Rg6 22. g4 fxg4 23. Rxg4 Rxg4 24. hxg4 Nc4 25. Nf3 c6 26. b3 Nd6 27. Qh2 a4 28. b4 Ne4 29. Qh5 Qe8 30. Rh2 Qg8 31. g5 Bg7 32. Nh4 Ra7 33. g6 h6 34. gxf7 Qxf7 35. Ng6+ Kh7 36. Rg2 Bf6 37. Bh4 Bxh4 38. Qxh4 Qe8 39. Qg4 Rg7 40. f5 exf5 0-1

[Event "Karl Mala Memorial op-A 16th"]
[Site "Frankfurt"]
[Date "2013.07.11"]
[Round "1"]
[White "Boidman, Yuri"]
[Black "Calder, Dennis"]
[Result "1-0"]
[WhiteElo "2382"]
[BlackElo "1933"]
[PlyCount "59"]
[EventDate "2013.07.11"]
[EventType "swiss"]
[EventRounds "7"]
[EventCountry "GER"]
[SourceTitle "EXT 2014"]
[Source "ChessBase"]
[SourceDate "2013.11.20"]
[SourceVersion "1"]
[SourceVersionDate "2013.11.20"]
[SourceQuality "1"]

1. e4 e5 2. Nf3 Nc6 3. Bb5 a6 4. Ba4 Nf6 5. 0-0 b5 6. Bb3 Bb7 7. d3 Bc5 8. c3 d6 9. a4 0-0 10. Qe2 h6 11. Be3 Bxe3 12. Qxe3 Qd7 13. Nbd2 Ne7 14. Rfe1 Ng6 15. Nf1 Nf4 16. Ng3 Kh7 17. Ne2 Ng4 18. Qd2 Ne6 19. Ng3 g6 20. axb5 axb5 21. Rxa8 Rxa8 22. d4 Qe8 23. h3 Nf6 24. dxe5 dxe5 25. Nxe5 Nc5 26. Qf4 Nxb3 27. Qxf6 Ra2 28. Nxf7 Ra6 29. Qf4 Qe7 30. Qxh6+ 1-0

[Event "World Amateur-ch"]
[Site "Iasi"]
[Date "2013.04.22"]
[Round "1"]
[White "Nistor, Stefan"]
[Black "Calder, Dennis"]
[Result "1/2-1/2"]
[WhiteElo "1693"]
[BlackElo "1946"]
[PlyCount "83"]
[EventDate "2013.04.22"]
[EventType "swiss"]
[EventRounds "9"]
[EventCountry "ROU"]
[SourceTitle "CBM 154 Extra"]
[Source "ChessBase"]
[SourceDate "2013.06.25"]
[SourceVersion "2"]
[SourceVersionDate "2013.06.25"]
[SourceQuality "1"]

1. d4 d5 2. c4 dxc4 3. e3 Nf6 4. Nc3 c6 5. Bxc4 b5 6. Bd3 Bb7 7. Nf3 e6 8. a3 Be7 9. 0-0 a6 10. e4 c5 11. dxc5 Bxc5 12. Qe2 Nbd7 13. Be3 Rc8 14. Rfd1 Qe7 15. Nd4 Ne5 16. f3 0-0 17. Nb3 Bxe3+ 18. Qxe3 Rfd8 19. Be2 Nfd7 20. Qa7 Rc6 21. Na5 Ra8 22. Qe3 Rc7 23. Rd2 b4 24. axb4 Qxb4 25. Nxb7 Qxb7 26. Qd4 Nc6 27. Qf2 Qb6 28. Qxb6 Nxb6 29. Rdd1 h6 30. Kf1 Nb4 31. Kf2 Kf8 32. Rd2 Nc6 33. Rd3 Nb4 34. Rd2 Ke7 35. Nb5 Rc2 36. Rxc2 Nxc2 37. Rc1 Nb4 38. Nc3 Rc8 39. Ke3 Nc4+ 40. Bxc4 Rxc4 41. Ne2 Rxc1 42. Nxc1 1/2-1/2

[Event "Reykjavik op"]
[Site "Reykjavik"]
[Date "2012.03.08"]
[Round "3"]
[White "Calder, Dennis"]
[Black "Wasenius, Thomas"]
[Result "1-0"]
[WhiteElo "1948"]
[BlackElo "1612"]
[PlyCount "51"]
[EventDate "2012.03.06"]
[EventType "swiss"]
[EventRounds "9"]
[EventCountry "ISL"]
[SourceTitle "CBM 147 Extra"]
[Source "ChessBase"]
[SourceDate "2012.04.24"]
[SourceVersion "1"]
[SourceVersionDate "2012.04.24"]
[SourceQuality "1"]

1. d4 Nf6 2. g3 e6 3. Bg2 d5 4. Nf3 Be7 5. 0-0 0-0 6. c4 c5 7. cxd5 exd5 8. Nc3 Be6 9. h3 Nc6 10. Kh2 h6 11. Be3 Ne4 12. Rc1 f5 13. dxc5 g5 14. Nd4 Nxd4 15. Bxd4 g4 16. hxg4 Bg5 17. f4 Bh4 18. Nxe4 fxe4 19. gxh4 Qxh4+ 20. Bh3 Bxg4 21. Rc3 h5 22. Rg3 Kh7 23. Qb3 Rf7 24. Qxd5 Raf8 25. Be5 Bxe2 26. Qxe4+ 1-0

[Event "London Classic op"]
[Site "London"]
[Date "2011.12.11"]
[Round "9"]
[White "Calder, Dennis"]
[Black "Williamson, Roger G"]
[Result "1/2-1/2"]
[WhiteElo "1953"]
[BlackElo "2157"]
[PlyCount "49"]
[EventDate "2011.12.03"]
[EventType "swiss"]
[EventRounds "9"]
[EventCountry "ENG"]
[SourceTitle "CBM 145 Extra"]
[Source "ChessBase"]
[SourceDate "2012.01.03"]
[SourceVersion "1"]
[SourceVersionDate "2012.01.03"]
[SourceQuality "1"]

1. d4 d5 2. Nf3 Nf6 3. c4 c6 4. Nc3 a6 5. cxd5 cxd5 6. Bf4 Nc6 7. Rc1 Bf5 8. e3 e6 9. h3 Bd6 10. Bxd6 Qxd6 11. Bd3 Bg6 12. 0-0 0-0 13. a3 Rac8 14. Na4 Rc7 15. Qe2 Rfc8 16. Bxg6 hxg6 17. Nc5 b6 18. Nd3 Ne4 19. Rc2 Na5 20. Rfc1 Nc4 21. b3 Na5 22. Rxc7 Rxc7 23. Rxc7 Qxc7 24. Qb2 Qc3 25. Qxc3 1/2-1/2

[Event "London Classic op"]
[Site "London"]
[Date "2011.12.04"]
[Round "2"]
[White "Lie, Terje"]
[Black "Calder, Dennis"]
[Result "0-1"]
[WhiteElo "1644"]
[BlackElo "1953"]
[PlyCount "104"]
[EventDate "2011.12.03"]
[EventType "swiss"]
[EventRounds "9"]
[EventCountry "ENG"]
[SourceTitle "CBM 145 Extra"]
[Source "ChessBase"]
[SourceDate "2012.01.03"]
[SourceVersion "1"]
[SourceVersionDate "2012.01.03"]
[SourceQuality "1"]

1. d4 d5 2. c4 c6 3. Nc3 Nf6 4. Bg5 Nbd7 5. Nf3 h6 6. Bh4 Qb6 7. Qc2 e6 8. e3 Be7 9. Bd3 dxc4 10. Bxc4 Nd5 11. Bxe7 Nxe7 12. 0-0 0-0 13. a3 Qc7 14. b4 e5 15. Rac1 exd4 16. Nxd4 Ne5 17. Be2 Bg4 18. f3 Bh5 19. Nf5 Nxf5 20. Qxf5 Bg6 21. Qf4 Qe7 22. e4 f6 23. Rfd1 Rfd8 24. Na4 Bf7 25. Nb2 b6 26. Qg3 Rxd1+ 27. Rxd1 c5 28. Qe1 cxb4 29. Qxb4 Qxb4 30. axb4 a5 31. Ra1 Kf8 32. Kf2 Ke7 33. Ke3 Nc6 34. b5 Nb4 35. Rc1 Ra7 36. Rc8 a4 37. Nxa4 Rxa4 38. Rc7+ Ke8 39. Rb7 Ra3+ 40. Kf4 Ra2 41. Bf1 Rf2 42. Rxb6 Rxf1 43. Rb8+ Ke7 44. Rb7+ Kf8 45. Rb8+ Be8 46. b6 Nd3+ 47. Kf5 Rb1 48. Ke6 Nc5+ 49. Kd6 Nd7 50. b7 Nxb8 51. Kc7 Na6+ 52. Kc8 Ke7 0-1

[Event "Reykjavik op"]
[Site "Reykjavik"]
[Date "2011.03.13"]
[Round "6.72"]
[White "Helgadottir, Sigridur Bjorg"]
[Black "Calder, Dennis"]
[Result "0-1"]
[WhiteElo "1712"]
[BlackElo "1949"]
[PlyCount "145"]
[EventDate "2011.03.09"]
[EventType "swiss"]
[EventRounds "9"]
[EventCountry "ISL"]
[SourceTitle "CBM 141 Extra"]
[Source "ChessBase"]
[SourceDate "2011.05.03"]
[SourceVersion "1"]
[SourceVersionDate "2011.05.03"]
[SourceQuality "1"]

1. c4 Nf6 2. Nc3 c6 3. d4 d5 4. e3 e6 5. Nf3 Nbd7 6. Bd3 dxc4 7. Bxc4 b5 8. Bb3 a6 9. 0-0 Bb7 10. Re1 b4 11. Ne2 c5 12. Nf4 Qb6 13. Ng5 Be7 14. Nxf7 Kxf7 15. Nxe6 Bd5 16. Ng5+ Ke8 17. Bxd5 Nxd5 18. Qf3 Bxg5 19. Qxd5 Qd8 20. Bd2 Be7 21. dxc5 Nxc5 22. Qxd8+ Rxd8 23. Bxb4 Nd3 24. Bxe7 Kxe7 25. Re2 Rd6 26. Rd2 Rhd8 27. Kf1 Nb4 28. Rxd6 Rxd6 29. Ke2 Rc6 30. Rd1 Nxa2 31. Rd2 Nb4 32. f4 a5 33. e4 Rc2 34. g4 Rc1 35. g5 Rh1 36. Ke3 Re1+ 37. Re2 Nc2+ 38. Kd2 Rxe2+ 39. Kxe2 Ke6 40. Kd3 Nb4+ 41. Kd4 g6 42. h4 Nc2+ 43. Kc4 Ne3+ 44. Kb5 Nd1 45. b3 Nc3+ 46. Kxa5 Nxe4 47. b4 Nd6 48. Kb6 Nf5 49. Kc6 Ne7+ 50. Kc5 Kd7 51. b5 Nc8 52. Kd5 Ke7 53. Ke5 Nd6 54. h5 gxh5 55. f5 Nxb5 56. g6 h6 57. f6+ Kf8 58. Ke6 Nc7+ 59. Kd6 Ne8+ 60. Ke6 Nxf6 61. Kf5 Kg7 62. Kf4 Kxg6 63. Kf3 Kg5 64. Kg3 Ne4+ 65. Kh3 Nf6 66. Kg3 Nd5 67. Kh3 Nf4+ 68. Kg3 h4+ 69. Kh2 Kg4 70. Kh1 Kg3 71. Kg1 Nh3+ 72. Kh1 Nf2+ 73. Kg1 0-1

[Event "Reykjavik op"]
[Site "Reykjavik"]
[Date "2011.03.12"]
[Round "5.77"]
[White "Johannesson, Kristofer Joel"]
[Black "Calder, Dennis"]
[Result "0-1"]
[WhiteElo "1437"]
[BlackElo "1949"]
[PlyCount "42"]
[EventDate "2011.03.09"]
[EventType "swiss"]
[EventRounds "9"]
[EventCountry "ISL"]
[SourceTitle "CBM 141 Extra"]
[Source "ChessBase"]
[SourceDate "2011.05.03"]
[SourceVersion "1"]
[SourceVersionDate "2011.05.03"]
[SourceQuality "1"]

1. e4 e5 2. Nf3 Nc6 3. Bc4 Nf6 4. 0-0 Bc5 5. d4 exd4 6. e5 d5 7. exf6 dxc4 8. Re1+ Be6 9. Ng5 Qd5 10. Nc3 Qf5 11. Nce4 0-0-0 12. g4 Qd5 13. Bf4 Bf8 14. Qf3 gxf6 15. Nxe6 fxe6 16. Qe2 Bg7 17. Nd2 e5 18. Bg3 d3 19. cxd3 Nd4 20. Qd1 cxd3 21. Rf1 Ne2+ 0-1

[Event "Bremen-ch op"]
[Site "Bremen"]
[Date "2010.03.28"]
[Round "3"]
[White "Bergmann, Reinhold"]
[Black "Calder, Dennis"]
[Result "1/2-1/2"]
[WhiteElo "1929"]
[BlackElo "1920"]
[PlyCount "114"]
[EventDate "2010.03.27"]
[EventType "swiss"]
[EventRounds "9"]
[EventCountry "GER"]
[SourceTitle "EXT 2022"]
[Source "ChessBase"]
[SourceDate "2021.10.06"]
[SourceVersion "1"]
[SourceVersionDate "2021.10.06"]
[SourceQuality "1"]

1. e4 e5 2. Nf3 Nc6 3. Bb5 a6 4. Ba4 Nf6 5. 0-0 b5 6. Bb3 Bb7 7. Re1 Bc5 8. c3 d6 9. d4 Bb6 10. h3 h6 11. d5 Na5 12. Be3 Bxe3 13. Rxe3 c6 14. dxc6 Bxc6 15. Nbd2 Nxb3 16. Qxb3 0-0 17. Rd1 Qc7 18. Nh4 d5 19. exd5 Nxd5 20. Rg3 Nf4 21. Re1 Qd8 22. Nhf3 Nh5 23. Rg4 Nf6 24. Rg3 Nh5 25. Rg4 Bd5 26. Qd1 f6 27. a4 Nf4 28. Qc2 Qd7 29. axb5 axb5 30. Nf1 Be6 31. Rh4 g5 32. Rd1 Qh7 33. Qxh7+ Kxh7 34. Rg4 Rfd8 35. Re1 Bxg4 36. hxg4 Ra2 37. Rb1 Nd3 38. Ne3 Rxb2 39. Rf1 Rb3 40. c4 b4 41. Nd5 Kg6 42. Nd2 Rb2 43. Ne4 Rc2 44. Rd1 Rc1 45. Rxc1 Nxc1 46. Nxb4 Rd1+ 47. Kh2 Rd4 48. f3 f5 49. gxf5+ Kxf5 50. Nd5 Ne2 51. Ne3+ Ke6 52. Kh3 Rd8 53. Kg4 Nd4 54. Nc5+ Kf6 55. Kh5 Ne6 56. Ne4+ Kf7 57. c5 Ra8 1/2-1/2